000 00630nam a2200205Ia 4500
001 12333
003 GE_BSU
008 181216s||||||||xx |||||||||||||| ||und||
040 _cGE_BSU
080 _a636.4
100 _aМакаркин,А.П.
245 _aЭффективность свиноводства:проблемы и решения
245 _cРед.Н.Д.Затеева
260 _aМосква
260 _bРоссельхозиздат
260 _c1981
300 _a204стр.21см.
653 _aЭффективность свиноводства:проблемы и решения
942 _cBK
999 _c45508
_d45508